01159nam a2200289 a 450000100100000000500170001000800410002704000250006808200170009310000280011024000600013824501000019826000540029830000370035249000140038950000320040350000610043553400800049665000270057665000340060365000270063770000370066483000210070104900090072295201210073199900170085200002117720240509185222.0100901nuuuu es ab r 000 | spa d aDO-SdBNPbspacBNPHU a551.7bT319t1 aTermier, H. y G.94426813aLa trame géologique de l'histoire humaine.lEspañol10aTrama geológica de la historia humana /cH Y G Termier; traducción de Fernando Gutiérrez. aBarcelona, (España) :bEditorial Labor,c[19?]. a207 p. ; :bil., mapas ;c20 cm.1 aLaborv23 aIncluye índice de nombres aIncluye referencias bibliográficas al pie de páginas aTítulo de la obra original :tLa trame géologique de l'histoire humaine 4aEstratigrafía944269 4aGeología histórica944270 0aAntropología 9854311 aGutiérrez, Fernandoetr.94139 0aLabor;v2395274 aBNGR 001054708MOaGRbGRcCTd2010-09-01iLF1l0o551.7 T319tp21177-10r2020-06-25w2020-06-25y4ZPréstamo en sala c20678d20678